La apelacin̤ civil en la legislacin̤ de Justiniano

Detalles Bibliográficos
Autor principal: Agudo Ruiz, Alfonso
Formato: eBook
Lenguaje:español
Publicado: Madrid: Dykinson, 2020
Materias:
Acceso en línea:Acceso restringido

MARC

LEADER 00000nam a22000007a 4500
005 20220307123123.0
007 cr|||| ||||
008 220307s2020 es |||||s|||| 00||0 spa d
020 |a 978-84-1377-210-3 
035 |a 32959 
040 |a vLex 
090 |c 13049  |d 13049 
100 1 |a Agudo Ruiz, Alfonso 
245 1 2 |a La apelacin̤ civil en la legislacin̤ de Justiniano  |h [Recurso electrn̤ico] /  |c Alfonso Agudo Ruiz 
256 |a Servicio en ln̕ea 
260 |a Madrid:  |b Dykinson,  |c 2020 
300 |a 1 recurso electrn̤ico 
500 |a Estudio especf̕ico de la apelacin̤ en la p̌oca de Justiniano, donde se pusieran de relieve las aportaciones que el emperador realiza a esta institucin̤, a travš del anl̀isis de sus leyes, recogidas en el Codex repetitae praelectionis y en las Novellae, entre los aǫs 527-556, para de esta manera cerrar la evolucin̤ de una institucin̤ que hunde sus rac̕es en el Principado de Augusto. 
506 1 |a Disponible solo en los productos indicados  |d vLex Global  |d vLex Global (Academic Edition, excluding Law Schools)  |d vLex Global (U.S. Academic Edition, Law Schools)  |d vLex Global (U.S. Academic Edition, excluding Law Schools)  |d vLex Global (Academic Edition, Law Schools) 
650 0 4 |a Derecho Militar  |z Espaą 
740 0 |a vLex Libros (Servicio en ln̕ea) 
856 4 0 |u https://app.vlex.com/#/sources/32959  |z Acceso restringido 
942 |c BOOK 
999 0 |a Military Law